Polycentricity scoping study (Record no. 103182)

MARC details
000 -LEADER
fixed length control field 01096cam a2200229 4500
008 - FIXED-LENGTH DATA ELEMENTS--GENERAL INFORMATION
fixed length control field 031104n2003 000 0 eng u
020 ## - INTERNATIONAL STANDARD BOOK NUMBER
International Standard Book Number 1851126732
035 ## - SYSTEM CONTROL NUMBER
System control number (Sirsi) u124233
041 ## - LANGUAGE CODE
Language code of text/sound track or separate title 711.1094
Languages of separate titles (VM) [OBSOLETE] ; Languages of available translation (SE) [OBSOLETE] 18
110 ## - MAIN ENTRY--CORPORATE NAME
Corporate name or jurisdiction name as entry element United Kingdom
Subordinate unit Office of the Deputy Prime Minister
245 ## - TITLE STATEMENT
Title Polycentricity scoping study
260 ## - PUBLICATION, DISTRIBUTION, ETC.
Place of publication, distribution, etc. London
Name of publisher, distributor, etc. ODPM
Date of publication, distribution, etc. 2003
350 ## - PRICE (NR) (BK AM CF MU VM SE) [OBSOLETE]
Price 10
520 ## - SUMMARY, ETC.
Summary, etc. Polycentric urban development is a key concept in European spatial planning. This report aims to explain polycentric development in simple terms. It discusses the origins of the idea, raises some key questions, reviews methodologies and highlights practical examples. Glossary and references. View the report at www.planning.odpm.gov.uk.
650 ## - SUBJECT ADDED ENTRY--TOPICAL TERM
Topical term or geographic name entry element POLYCENTRIC URBAN DEVELOPMENT
650 ## - SUBJECT ADDED ENTRY--TOPICAL TERM
Topical term or geographic name entry element SPATIAL PLANNING
650 ## - SUBJECT ADDED ENTRY--TOPICAL TERM
Topical term or geographic name entry element URBAN PLANNING
650 ## - SUBJECT ADDED ENTRY--TOPICAL TERM
Topical term or geographic name entry element EUROPE
690 ## - LOCAL SUBJECT ADDED ENTRY--TOPICAL TERM (OCLC, RLIN)
Topical term or geographic name as entry element Planning and development
9 (RLIN) 6259
856 ## - ELECTRONIC LOCATION AND ACCESS
Uniform Resource Identifier <a href="https://webarchive.nationalarchives.gov.uk/+/http://www.communities.gov.uk/index.asp?id=1145443">https://webarchive.nationalarchives.gov.uk/+/http://www.communities.gov.uk/index.asp?id=1145443</a>
Public note View this item on the webarchive.nationalarchives.gov.uk website.
942 ## - ADDED ENTRY ELEMENTS (KOHA)
Suppress in OPAC 0
Holdings
Withdrawn status Lost status Source of classification or shelving scheme Damaged status Not for loan Home library Current library Shelving location Date acquired Total Checkouts Full call number Barcode Date last seen Copy number Price effective from Koha item type
    Dewey Decimal Classification     Virtual Virtual Online 04/11/2003   ONLINE PUBLICATION 124233-2001 06/08/2019 1 06/08/2019 Book